| 000 | 01017nam a22002777a 4500 | ||
|---|---|---|---|
| 005 | 20240530110446.0 | ||
| 008 | 150428s2007 ua ao f 000 0 ara d | ||
| 017 |
_a2007/3613 _bمصر . دار الكتب المصرية |
||
| 020 | _a9774196023 | ||
| 040 | _aEG-CaGPL | ||
| 082 | 0 | 4 |
_221 _a576.53\ _bأ ط |
| 100 | 0 | _aاميمة خفاجى | |
| 245 | 1 | 2 |
_aالطيور المهاجرة و الحرب العالمية الثالثة / _cاميمة خفاجى . |
| 260 |
_aالقاهرة : _bالهيئة المصرية العامة للكتاب ، _c2007. |
||
| 300 |
_a367 ص : _bايض ؛ _c24 سم. |
||
| 650 | 0 | 4 | _aالطيور المهاجرة |
| 650 | 0 | 4 |
_aالاستنساخ _xانواع |
| 650 | 0 | 4 | _aالاستنساخ |
| 650 | 0 | 4 | _aانفلوانزا الطيور |
| 650 | 0 | 4 | _aالشعب المرجانية |
| 650 | 0 | 4 |
_aالاسماك _xهجرة |
| 650 | 0 | 4 |
_aالطيور _xامراض |
| 650 | 0 | 4 |
_aالطيور _xهجرة |
| 942 |
_2ddc _cBK |
||
| 999 |
_c61153 _d61153 |
||